000 00595nam a2200193Ia 4500
003 GCL
008 140319s9999 xx 000 0 ara d
040 _aGCL /
_cGCL
082 0 4 _aق
_b896.931
_bم س
100 1 _aمحمد عوض محمد
245 1 0 _aسنوحى :
_bقصة مصرية /
_cمحمد عوض محمد
260 _aالقاهرة :
_bمطبعة المعارف
300 _a148 ص ؛
_c12 سم
490 _aاقرأ
_v0
650 0 4 _aالاحوال الاجتماعية
650 0 4 _aمصر القديمة
650 0 4 _aالحضارة الفرعونية
942 _2ddc
_cBK
999 _c36463
_d36463